Pays les plus proches de Qatar - Statistiques

Statistiques générales
  • Ce quiz a été pris 281 fois
  • Le résultat moyen est 17 sur 20
Statistiques - réponses
km pays % Correct
0 Arabie Saoudite
100%
187 Iran
97%
493 Irak
96%
618 Yémen
96%
31 Émirats arabes unis
95%
420 Oman
95%
1 Bahreïn
92%
379 Koweït
90%
1005 Pakistan
90%
1340 Syrie
90%
1371 Jordanie
89%
1620 Israël
85%
1020 Afghanistan
83%
1370 Turquie
83%
1378 Somalie
68%
1473 Érythrée
67%
1555 Djibouti
65%
1426 Turkménistan
64%
1382 Azerbaïdjan
63%
1460 Soudan
54%
Aucun quiz correspondant
Distribution des résultats
% des personnes avec chaque résultat
Percentile par nombre de réponses
Votre historique - résultats
Vous n’avez pas pris ce quiz